[Event "Mecklenburg VP LL2 Ost 1819"]
[Site "Mecklenburg VP"]
[Date "2019.04.07"]
[Round "9.2"]
[White "Reinke, Thomas"]
[Black "Kilp, Gunnar"]
[Result "1/2-1/2"]
[WhiteElo "1933"]
[BlackElo "1677"]
[PlyCount "62"]
[EventDate "2018.10.21"]
[EventType "team-tourn"]
[EventRounds "9"]
[EventCountry "GER"]
[SourceTitle "EXT 2022"]
[Source "ChessBase"]
[SourceDate "2021.10.06"]
[SourceVersion "1"]
[SourceVersionDate "2021.10.06"]
[SourceQuality "1"]
[WhiteTeam "Wolgast Motor"]
[BlackTeam "Torgelow Droegeheide II"]
[WhiteTeamCountry "GER"]
[BlackTeamCountry "GER"]

1. e4 c5 2. Nc3 Nc6 3. g3 g6 4. Bg2 Bg7 5. d3 d6 6. f4 e6 7. Nf3 Nge7 8. 0-0 0-0 9. Be3 Nd4 10. Qd2 Nec6 11. a3 f5 12. Rab1 a5 13. Ne2 e5 14. fxe5 Nxe2+ 15. Qxe2 fxe4 16. dxe4 Nxe5 17. Nxe5 Bxe5 18. c3 Be6 19. Qb5 Qd7 20. Rxf8+ Kxf8 21. Qxd7 Bxd7 22. Bf4 Ke7 23. Kf2 b5 24. Rd1 Be6 25. Ke3 c4 26. Bg5+ Kd7 27. Bf4 Ke7 28. Kd2 a4 29. Ke3 Rf8 30. Rf1 Rg8 31. h4 Rf8 1/2-1/2

[Event "Mecklenburg VP LL2 Ost 1819"]
[Site "Mecklenburg VP"]
[Date "2019.01.20"]
[Round "5.2"]
[White "Reinke, Thomas"]
[Black "Fechner, Henrik"]
[Result "1/2-1/2"]
[WhiteElo "1933"]
[BlackElo "1767"]
[PlyCount "35"]
[EventDate "2018.10.21"]
[EventType "team-tourn"]
[EventRounds "9"]
[EventCountry "GER"]
[SourceTitle "EXT 2022"]
[Source "ChessBase"]
[SourceDate "2021.10.06"]
[SourceVersion "1"]
[SourceVersionDate "2021.10.06"]
[SourceQuality "1"]
[WhiteTeam "Wolgast Motor"]
[BlackTeam "Binz Therme Ruegen"]
[WhiteTeamCountry "GER"]
[BlackTeamCountry "GER"]

1. e4 c6 2. d4 d5 3. Nc3 dxe4 4. Nxe4 Bf5 5. Ng3 Bg6 6. Nf3 Nd7 7. Bc4 e6 8. 0-0 Ngf6 9. c3 Bd6 10. Re1 0-0 11. Bg5 Qc7 12. Bxf6 Nxf6 13. Ne5 c5 14. Nxg6 hxg6 15. dxc5 Bxc5 16. Qe2 Rad8 17. Ne4 Nxe4 18. Qxe4 1/2-1/2

[Event "Mecklenburg VP LL2 Ost 1516"]
[Site "Mecklenburg VP"]
[Date "2015.12.13"]
[Round "4.2"]
[White "Schwarz, Eckhard"]
[Black "Reinke, Thomas"]
[Result "0-1"]
[WhiteElo "1861"]
[BlackElo "1886"]
[PlyCount "74"]
[EventDate "2015.09.20"]
[EventType "team-tourn"]
[EventRounds "9"]
[EventCountry "GER"]
[SourceTitle "EXT 2022"]
[Source "ChessBase"]
[SourceDate "2021.10.06"]
[SourceVersion "1"]
[SourceVersionDate "2021.10.06"]
[SourceQuality "1"]
[WhiteTeam "Waterkant Saal SV"]
[BlackTeam "Wolgast Motor"]
[WhiteTeamCountry "GER"]
[BlackTeamCountry "GER"]

1. d4 f5 2. g3 Nf6 3. Bg2 g6 4. Nf3 Bg7 5. 0-0 0-0 6. c4 d6 7. Nc3 Qe8 8. Bf4 c6 9. Qb3 h6 10. h3 Nbd7 11. d5 Nc5 12. Qc2 Nce4 13. Rad1 Nxc3 14. bxc3 c5 15. Nd2 g5 16. Be3 Nh5 17. Nf3 f4 18. gxf4 Nxf4 19. Bxf4 Rxf4 20. Nd2 Bd7 21. Rde1 Qh5 22. Qd3 g4 23. e3 Rf7 24. hxg4 Bxg4 25. f4 Bf6 26. e4 Raf8 27. Re3 Bg7 28. f5 Be5 29. Nf3 Bf4 30. Ree1 Rg7 31. Nh4 Be5 32. Nf3 Bxf3 33. Qxf3 Qh2+ 34. Kf2 Rg3 35. Re3 Rxf3+ 36. Rxf3 Qh4+ 37. Ke3 Bxc3 0-1

[Event "Mecklenburg VP LL2 Ost 1516"]
[Site "Mecklenburg VP"]
[Date "2015.10.11"]
[Round "2.2"]
[White "Schumann, Harald"]
[Black "Reinke, Thomas"]
[Result "1-0"]
[WhiteElo "1937"]
[BlackElo "1886"]
[PlyCount "52"]
[EventDate "2015.09.20"]
[EventType "team-tourn"]
[EventRounds "9"]
[EventCountry "GER"]
[SourceTitle "EXT 2022"]
[Source "ChessBase"]
[SourceDate "2021.10.06"]
[SourceVersion "1"]
[SourceVersionDate "2021.10.06"]
[SourceQuality "1"]
[WhiteTeam "Rostock SSC 07 III"]
[BlackTeam "Wolgast Motor"]
[WhiteTeamCountry "GER"]
[BlackTeamCountry "GER"]

1. e4 e6 2. Qe2 d5 3. exd5 Qxd5 4. Nc3 Qd8 5. g3 Nf6 6. Bg2 Be7 7. Nf3 Nbd7 8. 0-0 0-0 9. b3 Nb6 10. Bb2 c5 11. d3 Nbd5 12. Ne4 b6 13. Ne5 Ba6 14. Nc6 Qc7 15. Nxe7+ Qxe7 16. c4 Nxe4 17. Bxe4 Rae8 18. cxd5 exd5 19. Qg4 g6 20. Bxd5 Bxd3 21. Qf4 Bxf1 22. Qh6 Qe5 23. Bxe5 Rxe5 24. Bxf7+ Rxf7 25. Rxf1 Rd7 26. Qc1 Re2 1-0

[Event "Mecklenburg VP LL2 Ost 1415"]
[Site "Mecklenburg VP"]
[Date "2015.04.26"]
[Round "9.2"]
[White "Van Bentum, Horst"]
[Black "Reinke, Thomas"]
[Result "1/2-1/2"]
[WhiteElo "2013"]
[BlackElo "1883"]
[PlyCount "51"]
[EventDate "2014.09.21"]
[EventType "team-tourn"]
[EventRounds "9"]
[EventCountry "GER"]
[SourceTitle "EXT 2022"]
[Source "ChessBase"]
[SourceDate "2021.10.06"]
[SourceVersion "1"]
[SourceVersionDate "2021.10.06"]
[SourceQuality "1"]
[WhiteTeam "Graal Mueritz"]
[BlackTeam "Wolgast Motor"]
[WhiteTeamCountry "GER"]
[BlackTeamCountry "GER"]

1. e4 e6 2. d4 d5 3. Nd2 dxe4 4. Nxe4 Nd7 5. Nf3 Be7 6. Bd3 Ngf6 7. Qe2 c5 8. Nxf6+ Nxf6 9. dxc5 Qa5+ 10. Bd2 Qxc5 11. 0-0 Bd7 12. Ne5 0-0 13. Nxd7 Nxd7 14. a3 Qe5 15. Bc3 Qxe2 16. Bxe2 Bf6 17. Bxf6 Nxf6 18. Bf3 Rab8 19. Rad1 Rfc8 20. Rd2 Kf8 21. Rfd1 Ke7 22. Kf1 b6 23. g3 Rd8 24. Ke2 Rxd2+ 25. Rxd2 Rc8 26. h3 1/2-1/2

[Event "Mecklenburg VP LL2 Ost 1314"]
[Site "Mecklenburg VP"]
[Date "2013.12.15"]
[Round "4.2"]
[White "Schumann, Lutz"]
[Black "Reinke, Thomas"]
[Result "0-1"]
[WhiteElo "1838"]
[BlackElo "1847"]
[PlyCount "54"]
[EventDate "2013.10.27"]
[EventType "team-tourn"]
[EventRounds "9"]
[EventCountry "GER"]
[SourceTitle "EXT 2022"]
[Source "ChessBase"]
[SourceDate "2021.10.06"]
[SourceVersion "1"]
[SourceVersionDate "2021.10.06"]
[SourceQuality "1"]
[WhiteTeam "Graal Mueritz"]
[BlackTeam "Wolgast Motor"]
[WhiteTeamCountry "GER"]
[BlackTeamCountry "GER"]

1. c4 f5 2. Nc3 Nf6 3. Nf3 g6 4. g3 Bg7 5. d3 d6 6. Bg2 c6 7. 0-0 0-0 8. Rb1 Na6 9. b4 Bd7 10. Qc2 e5 11. Bg5 h6 12. Bxf6 Qxf6 13. b5 Nc5 14. Na4 Ne6 15. bxc6 Bxc6 16. Nc3 e4 17. Nd5 Bxd5 18. cxd5 exf3 19. Bxf3 Nd4 20. Qd2 Nxf3+ 21. exf3 b6 22. Rfe1 Rfe8 23. Re3 Rxe3 24. fxe3 Rc8 25. d4 Qf7 26. e4 Rc4 27. e5 Qxd5 0-1

[Event "Mecklenburg VP LL2 Ost 1314"]
[Site "Mecklenburg VP"]
[Date "2013.11.24"]
[Round "3.2"]
[White "Dupke, Andreas"]
[Black "Reinke, Thomas"]
[Result "0-1"]
[WhiteElo "1802"]
[BlackElo "1847"]
[PlyCount "68"]
[EventDate "2013.10.27"]
[EventType "team-tourn"]
[EventRounds "9"]
[EventCountry "GER"]
[SourceTitle "EXT 2022"]
[Source "ChessBase"]
[SourceDate "2021.10.06"]
[SourceVersion "1"]
[SourceVersionDate "2021.10.06"]
[SourceQuality "1"]
[WhiteTeam "Neubrandenburg SV Turbine"]
[BlackTeam "Wolgast Motor"]
[WhiteTeamCountry "GER"]
[BlackTeamCountry "GER"]

1. e4 e6 2. d4 d5 3. Nd2 dxe4 4. Nxe4 Nd7 5. Nf3 Be7 6. Bd3 Ngf6 7. 0-0 Nxe4 8. Bxe4 Nf6 9. Bd3 0-0 10. Ne5 c5 11. Be3 Nd5 12. c4 Nxe3 13. fxe3 cxd4 14. Bxh7+ Kxh7 15. Qh5+ Kg8 16. Nxf7 Rxf7 17. Qxf7+ Kh8 18. exd4 Bf6 19. d5 Qg8 20. Qc7 exd5 21. cxd5 Qxd5 22. Rad1 Qc6 23. Qf4 Be6 24. Rd6 Qc4 25. Qd2 Rc8 26. b3 Qc5+ 27. Kh1 Bf5 28. Rd5 Qc2 29. Qe3 Qe4 30. Qd2 Rc2 31. Qxc2 Qxc2 32. Rdxf5 Qxa2 33. g4 Qe2 34. R5f4 Kh7 0-1

[Event "Mecklenburg VP LL2 Ost 1314"]
[Site "Mecklenburg VP"]
[Date "2013.10.27"]
[Round "1.2"]
[White "Schwarz, Eckhard"]
[Black "Reinke, Thomas"]
[Result "1/2-1/2"]
[WhiteElo "1843"]
[BlackElo "1847"]
[PlyCount "26"]
[EventDate "2013.10.27"]
[EventType "team-tourn"]
[EventRounds "9"]
[EventCountry "GER"]
[SourceTitle "EXT 2022"]
[Source "ChessBase"]
[SourceDate "2021.10.06"]
[SourceVersion "1"]
[SourceVersionDate "2021.10.06"]
[SourceQuality "1"]
[WhiteTeam "Waterkant Saal SV"]
[BlackTeam "Wolgast Motor"]
[WhiteTeamCountry "GER"]
[BlackTeamCountry "GER"]

1. d4 f5 2. c4 Nf6 3. g3 g6 4. Bg2 Bg7 5. Nc3 0-0 6. e4 fxe4 7. Nxe4 d6 8. h4 Nbd7 9. Ne2 Qe8 10. N2c3 c6 11. Be3 Nxe4 12. Nxe4 Nf6 13. Qe2 Bd7 1/2-1/2

[Event "Mecklenburg VP LL2 Ost 1213"]
[Site "Mecklenburg VP"]
[Date "2013.04.28"]
[Round "9.3"]
[White "Reinke, Thomas"]
[Black "Schmidt, Paul1111"]
[Result "1-0"]
[WhiteElo "1834"]
[BlackElo "1567"]
[PlyCount "41"]
[EventDate "2012.10.14"]
[EventType "team-tourn"]
[EventRounds "9"]
[EventCountry "GER"]
[SourceTitle "EXT 2022"]
[Source "ChessBase"]
[SourceDate "2021.10.06"]
[SourceVersion "1"]
[SourceVersionDate "2021.10.06"]
[SourceQuality "1"]
[WhiteTeam "Wolgast Motor"]
[BlackTeam "Torgelow Droegeheide II"]
[WhiteTeamCountry "GER"]
[BlackTeamCountry "GER"]

1. e4 c5 2. Nc3 d6 3. g3 Nf6 4. Bg2 Nc6 5. f4 g6 6. Nf3 Bg7 7. d3 0-0 8. 0-0 Be6 9. a3 Qb6 10. h3 Nh5 11. Kh2 Rad8 12. Ng5 Nd4 13. Nxe6 fxe6 14. Rb1 Nc6 15. Bd2 a6 16. Ne2 Qc7 17. Ng1 d5 18. Bf3 dxe4 19. Bxe4 Nd4 20. Ne2 Nf5 21. g4 1-0

[Event "Mecklenburg VP LL2 Ost 1112"]
[Site "Mecklenburg VP"]
[Date "2012.03.04"]
[Round "6.3"]
[White "Reinke, Thomas"]
[Black "Staben, Norbert"]
[Result "1/2-1/2"]
[WhiteElo "1797"]
[BlackElo "1677"]
[PlyCount "67"]
[EventDate "2011.10.02"]
[EventType "team-tourn"]
[EventRounds "9"]
[EventCountry "GER"]
[SourceTitle "EXT 2022"]
[Source "ChessBase"]
[SourceDate "2021.10.06"]
[SourceVersion "1"]
[SourceVersionDate "2021.10.06"]
[SourceQuality "1"]
[WhiteTeam "Wolgast Motor"]
[BlackTeam "Warnemuende SF Ostsee II"]
[WhiteTeamCountry "GER"]
[BlackTeamCountry "GER"]

1. e4 c5 2. Nc3 Nc6 3. g3 g6 4. Bg2 Bg7 5. f4 d6 6. Nf3 Bg4 7. d3 Nd4 8. h3 Bxf3 9. Bxf3 Nxf3+ 10. Qxf3 e6 11. Ne2 Ne7 12. c3 Nc6 13. 0-0 0-0 14. Be3 Rc8 15. Rad1 b5 16. d4 cxd4 17. Nxd4 Nxd4 18. Bxd4 Bxd4+ 19. Rxd4 Qb6 20. Qf2 a5 21. Rfd1 Rc6 22. Kg2 b4 23. c4 b3 24. axb3 Qxb3 25. R1d3 Qb4 26. Qd2 Qxd2+ 27. Rxd2 Rb8 28. Rxd6 Rxd6 29. Rxd6 Rxb2+ 30. Kf3 Rc2 31. Rc6 a4 32. e5 a3 33. Ra6 a2 34. Ra8+ 1/2-1/2

[Event "Mecklenburg VP LL2 Ost 1112"]
[Site "Mecklenburg VP"]
[Date "2011.11.20"]
[Round "3.3"]
[White "Reinke, Thomas"]
[Black "Schwarz, Eckhard"]
[Result "1/2-1/2"]
[WhiteElo "1797"]
[BlackElo "1889"]
[PlyCount "46"]
[EventDate "2011.10.02"]
[EventType "team-tourn"]
[EventRounds "9"]
[EventCountry "GER"]
[SourceTitle "EXT 2022"]
[Source "ChessBase"]
[SourceDate "2021.10.06"]
[SourceVersion "1"]
[SourceVersionDate "2021.10.06"]
[SourceQuality "1"]
[WhiteTeam "Wolgast Motor"]
[BlackTeam "Waterkant Saal SV"]
[WhiteTeamCountry "GER"]
[BlackTeamCountry "GER"]

1. e4 c5 2. Nc3 Nc6 3. g3 e6 4. Bg2 Nf6 5. f4 d5 6. e5 d4 7. Ne4 Nxe4 8. Bxe4 Bd7 9. d3 Qc7 10. Bd2 Ne7 11. Qf3 Bc6 12. Bxc6+ Qxc6 13. Qxc6+ bxc6 14. c4 dxc3 15. Bxc3 Nd5 16. Ne2 Nb4 17. Bxb4 cxb4 18. d4 c5 19. b3 cxd4 20. Nxd4 Bc5 21. Nf3 Ke7 22. Ke2 a5 23. Rhc1 Rhc8 1/2-1/2

[Event "Mecklenburg VP LL2 Ost 1112"]
[Site "Mecklenburg VP"]
[Date "2011.10.02"]
[Round "1.2"]
[White "Voelsgen, Georg"]
[Black "Reinke, Thomas"]
[Result "1-0"]
[WhiteElo "2003"]
[BlackElo "1797"]
[PlyCount "63"]
[EventDate "2011.10.02"]
[EventType "team-tourn"]
[EventRounds "9"]
[EventCountry "GER"]
[SourceTitle "EXT 2022"]
[Source "ChessBase"]
[SourceDate "2021.10.06"]
[SourceVersion "1"]
[SourceVersionDate "2021.10.06"]
[SourceQuality "1"]
[WhiteTeam "Gryps SV"]
[BlackTeam "Wolgast Motor"]
[WhiteTeamCountry "GER"]
[BlackTeamCountry "GER"]

1. e4 e6 2. d3 d5 3. Nd2 c5 4. g3 Nc6 5. Bg2 d4 6. Ngf3 Bd6 7. 0-0 Nge7 8. Re1 e5 9. Nf1 Bd7 10. c3 b5 11. Qb3 0-0 12. h4 Rb8 13. h5 h6 14. Nh4 Kh8 15. Qd1 Qc8 16. f4 f5 17. g4 fxe4 18. f5 e3 19. Be4 Nd8 20. Ng6+ Nxg6 21. hxg6 Bc6 22. Ng3 Be7 23. Qe2 Nb7 24. Qf3 Bd7 25. Qh1 Nd6 26. Rxe3 Bg5 27. Re2 Qd8 28. Qh5 Bf4 29. Rh2 Nxe4 30. Nxe4 Bxh2+ 31. Kxh2 Qe7 32. Bg5 1-0

[Event "Mecklenburg VP LL2 Ost 1011"]
[Site "Mecklenburg VP"]
[Date "2011.04.10"]
[Round "9.4"]
[White "Reinke, Thomas"]
[Black "Worm, Alfred"]
[Result "0-1"]
[WhiteElo "1813"]
[BlackElo "1699"]
[PlyCount "149"]
[EventDate "2010.10.10"]
[EventType "team-tourn"]
[EventRounds "9"]
[EventCountry "GER"]
[SourceTitle "EXT 2022"]
[Source "ChessBase"]
[SourceDate "2021.10.06"]
[SourceVersion "1"]
[SourceVersionDate "2021.10.06"]
[SourceQuality "1"]
[WhiteTeam "Wolgast Motor"]
[BlackTeam "Rostock SSC 07 III"]
[WhiteTeamCountry "GER"]
[BlackTeamCountry "GER"]

1. e4 c6 2. d4 d5 3. Nc3 dxe4 4. Nxe4 Bf5 5. Ng3 Bg6 6. Nf3 Nd7 7. Bc4 e6 8. Bf4 Ngf6 9. 0-0 Nd5 10. Bxd5 cxd5 11. c3 Be7 12. Qe2 0-0 13. Rfe1 Re8 14. Qb5 b6 15. a4 a6 16. Qe2 h6 17. Ne5 Nxe5 18. Qxe5 Ra7 19. h3 Rb7 20. Qe2 Ra7 21. Bd2 Bd6 22. f4 Qh4 23. Qf2 Rea8 24. Ne4 Qxf2+ 25. Nxf2 h5 26. g3 b5 27. a5 Rb7 28. b4 Rc8 29. Kg2 Rbc7 30. Re3 h4 31. Kf3 hxg3 32. Kxg3 Bf5 33. h4 f6 34. Ng4 Kf7 35. Rae1 Kg6 36. Rf3 Be4 37. Rfe3 Kh5 38. Rxe4 dxe4 39. Rxe4 Re7 40. Re2 Kg6 41. Kf3 Kf7 42. Nf2 Rec7 43. Ne4 Be7 44. Re3 Rh8 45. Be1 f5 46. Ng5+ Bxg5 47. fxg5 Rd7 48. Kf4 Rd5 49. Bg3 g6 50. Kf3 Ke7 51. Re2 Rc8 52. Re3 Kd7 53. Ke2 Re8 54. Be5 Kc6 55. Kd3 Rd7 56. Bg3 Rh7 57. Re5 Kd7 58. Rc5 Rc8 59. Re5 Rf7 60. Re3 f4 61. Rf3 Rcf8 62. Be1 Kd6 63. Ke4 Rf5 64. Bf2 Rd5 65. Rxf4 Rxf4+ 66. Kxf4 Rf5+ 67. Ke3 Kd5 68. Be1 Rf1 69. Ke2 Rh1 70. Bg3 Ke4 71. Kf2 Rc1 72. Bd6 Rxc3 73. Bc5 Kf4 74. Ke2 Kg4 75. Kf2 0-1

[Event "Mecklenburg VP LL2 Ost 0708"]
[Site "Mecklenburg VP"]
[Date "2008.04.20"]
[Round "9.3"]
[White "Reinke, Thomas"]
[Black "Schmidt, Reinhard"]
[Result "1/2-1/2"]
[WhiteElo "1832"]
[BlackElo "1829"]
[PlyCount "48"]
[EventDate "2007.10.21"]
[EventType "team-tourn"]
[EventRounds "9"]
[EventCountry "GER"]
[SourceTitle "EXT 2016"]
[Source "ChessBase"]
[SourceDate "2015.10.08"]
[SourceVersion "1"]
[SourceVersionDate "2015.10.08"]
[SourceQuality "1"]
[WhiteTeam "Wolgast Motor"]
[BlackTeam "Warnemuende SF Ostsee II"]
[WhiteTeamCountry "GER"]
[BlackTeamCountry "GER"]

1. e4 a6 2. d4 b5 3. g3 Bb7 4. Bg2 f5 5. d5 fxe4 6. Bxe4 Nf6 7. f3 e6 8. Bg5 Be7 9. Bxf6 Bxf6 10. c3 0-0 11. Ne2 Kh8 12. Qd3 Bxd5 13. Bxd5 exd5 14. Qxd5 Nc6 15. Nd2 Qe7 16. Qe4 Qc5 17. Nb3 Qb6 18. 0-0-0 Rfe8 19. Qd3 Ne5 20. Qd4 c5 21. Qxc5 Qxc5 22. Nxc5 Nxf3 23. Nf4 a5 24. Rxd7 b4 1/2-1/2